Thibaut Giraud, La parole aux machines Philosophie des grands modèles de langage. Grasset, 2025, 480 páginas, 25 euros. (notice n° 1892298)

détails MARC
000 -LEADER
fixed length control field 00694cam a2200157 4500500
005 - DATE AND TIME OF LATEST TRANSACTION
control field 20260329014819.0
041 ## - LANGUAGE CODE
Language code of text/sound track or separate title fre
042 ## - AUTHENTICATION CODE
Authentication code dc
100 10 - MAIN ENTRY--PERSONAL NAME
Personal name Ribereau-Gayon, Philippe
Relator term author
245 00 - TITLE STATEMENT
Title Thibaut Giraud, La parole aux machines Philosophie des grands modèles de langage. Grasset, 2025, 480 páginas, 25 euros.
260 ## - PUBLICATION, DISTRIBUTION, ETC.
Date of publication, distribution, etc. 2026.<br/>
500 ## - GENERAL NOTE
General note 96
520 ## - SUMMARY, ETC.
Summary, etc. Con motivo del centenario del Art Déco, varias exposiciones en París y en otras regiones repasan la singularidad y la influencia de este movimiento.
786 0# - DATA SOURCE ENTRY
Note Études | 4335 | 3 | 2026-02-25 | p. 123a-124
856 41 - ELECTRONIC LOCATION AND ACCESS
Uniform Resource Identifier <a href="https://shs.cairn.info/revista-etudes-2026-3-page-123a?lang=es&redirect-ssocas=7080">https://shs.cairn.info/revista-etudes-2026-3-page-123a?lang=es&redirect-ssocas=7080</a>

Pas d'exemplaire disponible.

PLUDOC

PLUDOC est la plateforme unique et centralisée de gestion des bibliothèques physiques et numériques de Guinée administré par le CEDUST. Elle est la plus grande base de données de ressources documentaires pour les Étudiants, Enseignants chercheurs et Chercheurs de Guinée.

Adresse

627 919 101/664 919 101

25 boulevard du commerce
Kaloum, Conakry, Guinée

Réseaux sociaux

Powered by Netsen Group @ 2025